000 00499ntaaa2200193 4500
003 01
005 20251027201850.0
008 0714s1973 ag 01
040 _aAR-BaBN
_bspa
_cAR-BaBN
_eaacr
_dRIC
082 _a244.0000 D91
100 _aDunn, David
_917142
245 _aTry giving yourself away
250 _a1 ed.
260 _aScarsdale, N.Y. :
_bUpdegraff Press,
_cc1947
300 _a110 p
500 _aGreater happiness now
650 _afelicidad-como conseguirla
_917143
942 _cBK
999 _c13354
_d13354